[Event "BCF-chT3N 1920 (4NCL)"]
[Site "England"]
[Date "2019.11.10"]
[Round "2.34"]
[White "Gittens, Nathan L"]
[Black "Clark, Matthew DH"]
[Result "1-0"]
[WhiteElo "2012"]
[BlackElo "1892"]
[PlyCount "65"]
[EventDate "2019.11.09"]
[EventType "team-swiss"]
[EventRounds "11"]
[EventCountry "ENG"]
[SourceTitle "EXT 2022"]
[Source "ChessBase"]
[SourceDate "2021.10.06"]
[SourceVersion "1"]
[SourceVersionDate "2021.10.06"]
[SourceQuality "1"]
[WhiteTeam "3C's II"]
[BlackTeam "Shropshire II"]
[WhiteTeamCountry "ENG"]
[BlackTeamCountry "ENG"]

1. d4 Nf6 2. Bg5 e6 3. Nd2 d5 4. e3 Be7 5. Bd3 Nbd7 6. f4 b6 7. Ngf3 Bb7 8. Bxf6 Nxf6 9. Ne5 0-0 10. Qf3 c5 11. c3 Rc8 12. 0-0-0 cxd4 13. exd4 b5 14. Kb1 Qb6 15. Qh3 Ne4 16. Nd7 Qa5 17. Nxf8 Bxf8 18. Rhe1 b4 19. Nxe4 dxe4 20. cxb4 Bxb4 21. Bxe4 Bxe1 22. Qxh7+ Kf8 23. Bxb7 Rc7 24. Qe4 Bd2 25. Bc6 Qb4 26. a3 Qa5 27. d5 f5 28. Qxe6 Re7 29. Qxf5+ Kg8 30. Qc8+ Kh7 31. d6 Re1 32. Rxe1 Bxe1 33. Be4+ 1-0